| 000 | 00466nam a22001697a 4500 | ||
|---|---|---|---|
| 003 | OSt | ||
| 008 | 250220b |||||||| |||| 00| 0 eng d | ||
| 020 | _a9 780884 156413 | ||
| 041 | _aeng | ||
| 082 |
_a660.2842 _bKHO/PR |
||
| 100 |
_aKhoury, Fouad M _97192 |
||
| 245 | _aPredicting the Performance of Multistage Separation Process | ||
| 260 |
_aTexas; _bGulf Publishing Company, _c1995. |
||
| 300 | _a490p. | ||
| 650 |
_aSeparatiom (Technology) _97193 |
||
| 942 | _cBK | ||
| 999 |
_c19421 _d19421 |
||